00624nai a2200169Ia 4500003000900000008004100009022002200050022002300072040001600095245002800111260008600139310001400225362002900239521006900268650002900337856008800366IN-BaIIA211028c9999 xx s 000 0 eng d a0885-9000 (Print) a2374-9407 (Online) cIIA Library 0aIEEE Experth[eJournal] aNew York, USAbThe Institute of Electrical and Electronics Engineers, Inc. (IEEE) aBimonthly a1(1); 1986 - 12(6); 1997 bSubscribed through National Knowledge Resource Consortium (NKRC) aComputing and Processing uhttps://ieeexplore.ieee.org/servlet/opac?punumber=64yClick Here to Access eJournal